[Event "Wch Rapid"]
[Site "Samarkand"]
[Date "2023.12.27"]
[Round "7"]
[White "Anton Guijarro, David"]
[Black "Radjabov, Teimour"]
[Result "0-1"]
[WhiteElo "2670"]
[BlackElo "2723"]
[PlyCount "90"]
[EventDate "2023.12.26"]
[EventType "swiss (rapid)"]
[EventRounds "13"]
[EventCountry "UZB"]
[SourceTitle "CB01_2024"]
[SourceDate "2024.01.03"]
[SourceVersion "1"]
[SourceVersionDate "2024.01.03"]
[SourceQuality "1"]

1. e4 e5 2. Nf3 Nc6 3. Bc4 Bc5 4. 0-0 Nf6 5. d3 0-0 6. a4 a6 7. Be3 d6 8. Nbd2 h6 9. h3 Re8 10. Qe2 Be6 11. Bxe6 Rxe6 12. Bxc5 dxc5 13. Nc4 b6 14. Ne3 Qd7 15. Nd2 Nd4 16. Qd1 Rd8 17. f4 exf4 18. Rxf4 Qd6 19. Rf2 Qg3 20. Ndf1 Qg5 21. Qc1 g6 22. b3 Kg7 23. Nh2 Nxe4 24. dxe4 Rxe4 25. Neg4 Qxc1+ 26. Rxc1 f5 27. Kf1 fxg4 28. Nxg4 h5 29. Nh2 Nf5 30. g4 Ne3+ 31. Kg1 hxg4 32. Re2 gxh3 33. Rce1 Rde8 34. Nf3 R4e7 35. Ng5 Nf5 36. Rxe7+ Rxe7 37. Rxe7+ Nxe7 38. Nxh3 Kf6 39. Kf2 Kf5 40. Kf3 g5 41. Nf2 Nc6 42. c3 Na5 43. b4 cxb4 44. cxb4 Nc6 45. Nd3 Ne5+ 0-1

[Event "Wch Rapid"]
[Site "Samarkand"]
[Date "2023.12.26"]
[Round "3"]
[White "Radjabov, Teimour"]
[Black "Christiansen, Johan Sebastian"]
[Result "1-0"]
[WhiteElo "2723"]
[BlackElo "2618"]
[PlyCount "97"]
[EventDate "2023.12.26"]
[EventType "swiss (rapid)"]
[EventRounds "13"]
[EventCountry "UZB"]
[SourceTitle "CB01_2024"]
[SourceDate "2024.01.03"]
[SourceVersion "1"]
[SourceVersionDate "2024.01.03"]
[SourceQuality "1"]

1. e4 e5 2. Nf3 Nc6 3. Bc4 Nf6 4. d3 h6 5. Nc3 d6 6. h3 g6 7. 0-0 Bg7 8. Be3 0-0 9. a3 Kh7 10. Re1 Be6 11. Bxe6 fxe6 12. Nh2 d5 13. Bd2 Qd7 14. Nf1 Nh5 15. Ng3 Nf4 16. Rf1 Rf7 17. Nce2 Raf8 18. Rb1 g5 19. f3 Rg8 20. b4 Bf8 21. Be3 Ne7 22. d4 exd4 23. Bxd4 Neg6 24. exd5 exd5 25. c3 Bd6 26. Nxf4 gxf4 27. Ne2 Qf5 28. Bf2 Rfg7 29. Nd4 Qh5 30. Qc2 Rf7 31. Kh2 Kh8 32. Rg1 Ne5 33. Rbe1 Rfg7 34. Qf5 Rg5 35. Qe6 R8g6 36. Qe8+ Kh7 37. Kh1 Nd3 38. Re2 Re5 39. Qf7+ Kh8 40. Rf1 Qg5 41. Bh4 Qh5 42. Bf6+ Rxf6 43. Qxf6+ Kg8 44. Rxe5 Bxe5 45. Qd8+ Kh7 46. Qxd5 Qg6 47. Qd7+ Kh8 48. Nf5 Qa6 49. b5 1-0

[Event "Wch Rapid"]
[Site "Samarkand"]
[Date "2023.12.26"]
[Round "5"]
[White "Radjabov, Teimour"]
[Black "Yakubboev, Nodirbek"]
[Result "1/2-1/2"]
[WhiteElo "2723"]
[BlackElo "2661"]
[PlyCount "31"]
[EventDate "2023.12.26"]
[EventType "swiss (rapid)"]
[EventRounds "13"]
[EventCountry "UZB"]
[SourceTitle "CB01_2024"]
[SourceDate "2024.01.03"]
[SourceVersion "1"]
[SourceVersionDate "2024.01.03"]
[SourceQuality "1"]

1. e4 e5 2. Nf3 Nc6 3. Bb5 a6 4. Ba4 Nf6 5. 0-0 Nxe4 6. d4 b5 7. Bb3 d5 8. dxe5 Be6 9. Nbd2 Nc5 10. c3 d4 11. Bxe6 Nxe6 12. cxd4 Ncxd4 13. a4 Nc6 14. Qe2 Be7 15. axb5 axb5 16. Rxa8 1/2-1/2

[Event "Moscow Chess Stars 3.0 Blitz"]
[Site "Moscow"]
[Date "2023.12.19"]
[Round "16"]
[White "Radjabov, Teimour"]
[Black "Goryachkina, Aleksandra"]
[Result "1-0"]
[WhiteElo "2723"]
[BlackElo "2553"]
[PlyCount "113"]
[EventDate "2023.12.18"]
[EventType "tourn (blitz)"]
[EventRounds "18"]
[EventCountry "RUS"]
[EventCategory "17"]
[SourceTitle "CB52_2023"]
[SourceDate "2023.12.27"]
[SourceVersion "1"]
[SourceVersionDate "2023.12.27"]
[SourceQuality "1"]

1. e4 e5 2. Nf3 Nf6 3. d4 Nxe4 4. Bd3 d5 5. Nxe5 Bd6 6. Nc3 Nxc3 7. bxc3 0-0 8. 0-0 Nd7 9. Re1 c5 10. Qh5 Nf6 11. Qf3 c4 12. Bf1 h6 13. Rb1 Re8 14. Bf4 Bxe5 15. dxe5 Ne4 16. Bxc4 Nxc3 17. Qxc3 dxc4 18. Rbd1 Qh4 19. Bg3 Qh5 20. Rd6 Be6 21. h3 b6 22. Qd4 Rac8 23. c3 Qg6 24. Re4 Kh7 25. Kh2 Qf5 26. Qe3 Rcd8 27. a3 Rc8 28. Qe2 Rc5 29. Re3 Qb1 30. Qh5 Qg6 31. Qf3 Qf5 32. Qe2 Qb1 33. Qh5 Qg6 34. Qd1 Ra5 35. Qc1 Qg5 36. Rd4 Rc8 37. Qb2 Rd5 38. Ree4 Rxd4 39. Rxd4 Qf5 40. Qd2 Qg6 41. Bf4 Qf5 42. g4 Qg6 43. Bg3 Qb1 44. f4 Rc5 45. f5 Bc8 46. Qe1 Qxe1 47. Bxe1 Rxe5 48. Bf2 Re2 49. Kg3 b5 50. Rd8 Bb7 51. Rd7 Be4 52. Rxf7 Kg8 53. Rxa7 Rd2 54. Bd4 Rxd4 55. cxd4 c3 56. Rc7 c2 57. Kf4 1-0

[Event "Moscow Chess Stars 3.0 Blitz"]
[Site "Moscow"]
[Date "2023.12.18"]
[Round "7"]
[White "Goryachkina, Aleksandra"]
[Black "Radjabov, Teimour"]
[Result "0-1"]
[WhiteElo "2553"]
[BlackElo "2723"]
[PlyCount "88"]
[EventDate "2023.12.18"]
[EventType "tourn (blitz)"]
[EventRounds "18"]
[EventCountry "RUS"]
[EventCategory "17"]
[SourceTitle "CB51_2023"]
[SourceDate "2023.12.20"]
[SourceVersion "1"]
[SourceVersionDate "2023.12.20"]
[SourceQuality "1"]

1. e4 e5 2. Nf3 Nc6 3. Nc3 Nf6 4. d4 exd4 5. Nxd4 d6 6. Nxc6 bxc6 7. Bd3 Be7 8. 0-0 0-0 9. b3 Ng4 10. Bb2 Bf6 11. h3 Ne5 12. f4 Nxd3 13. cxd3 Bd4+ 14. Kh2 f5 15. Qc2 Bd7 16. Ne2 Bxb2 17. Qxb2 c5 18. Ng3 Qh4 19. Qd2 Rf6 20. Rae1 Raf8 21. e5 Rg6 22. Qf2 Bc6 23. Rg1 Rg4 24. exd6 cxd6 25. Ref1 Rf6 26. Ne2 Qh5 27. Ng3 Qh6 28. Qe2 Rgg6 29. Qe3 Qh4 30. Re1 h6 31. Re2 Kh7 32. Ree1 Bd5 33. Qf2 Rf7 34. Ne4 Qd8 35. Nc3 Bb7 36. Re2 Qf6 37. Nd1 Re7 38. Rge1 Rxg2+ 39. Qxg2 Bxg2 40. Rxe7 Bf3 41. R7e3 Qh4 42. Rxf3 Qxe1 43. Nf2 Qe2 44. Kg2 Qxa2 0-1

[Event "Moscow Chess Stars 3.0 Blitz"]
[Site "Moscow"]
[Date "2023.12.18"]
[Round "4"]
[White "Radjabov, Teimour"]
[Black "Sadhwani, Raunak"]
[Result "1/2-1/2"]
[WhiteElo "2723"]
[BlackElo "2654"]
[PlyCount "122"]
[EventDate "2023.12.18"]
[EventType "tourn (blitz)"]
[EventRounds "18"]
[EventCountry "RUS"]
[EventCategory "17"]
[SourceTitle "CB51_2023"]
[SourceDate "2023.12.20"]
[SourceVersion "1"]
[SourceVersionDate "2023.12.20"]
[SourceQuality "1"]

1. c4 e5 2. Nc3 d6 3. Nf3 f5 4. d4 e4 5. Ng5 Be7 6. h4 Nf6 7. g3 0-0 8. Qb3 c6 9. Bg2 Na6 10. 0-0 Nc7 11. Rd1 Kh8 12. a4 Rb8 13. a5 h6 14. Nh3 Be6 15. d5 Bf7 16. Be3 c5 17. Nf4 Ng4 18. Nb5 a6 19. Nxc7 Qxc7 20. Bd2 Bf6 21. Bc3 Qe7 22. Bxf6 Qxf6 23. e3 Ne5 24. h5 Kh7 25. Rd2 Rfe8 26. Rad1 Qg5 27. Rc1 Bxh5 28. Qb6 Nf7 29. b4 cxb4 30. c5 Bf3 31. cxd6 Ne5 32. Rc7 Rg8 33. Qd4 Bxg2 34. Qxe5 Bf3 35. Rb2 b6 36. axb6 Rxb6 37. d7 Rbb8 38. Rb1 a5 39. Ra7 a4 40. Rxa4 b3 41. Ra3 Qd8 42. Qxf5+ g6 43. Qf7+ Rg7 44. Qxg7+ Kxg7 45. Ne6+ Kf6 46. Nxd8 Rxd8 47. Ra7 h5 48. Rxb3 h4 49. Kh2 Rh8 50. Rb6+ Kf5 51. Raa6 g5 52. Rh6 Rb8 53. Rab6 Ra8 54. Ra6 Rb8 55. Rhb6 Rh8 56. Rc6 Kg4 57. Rh6 Rb8 58. Rab6 Ra8 59. Ra6 Rb8 60. Rhb6 Rh8 61. Rh6 Rb8 1/2-1/2

[Event "Moscow Chess Stars 3.0 Rapid"]
[Site "Moscow"]
[Date "2023.12.15"]
[Round "5"]
[White "Grischuk, Alexander"]
[Black "Radjabov, Teimour"]
[Result "1/2-1/2"]
[WhiteElo "2732"]
[BlackElo "2723"]
[PlyCount "91"]
[EventDate "2023.12.14"]
[EventType "tourn (rapid)"]
[EventRounds "9"]
[EventCountry "RUS"]
[EventCategory "17"]
[SourceTitle "CB51_2023"]
[SourceDate "2023.12.20"]
[SourceVersion "1"]
[SourceVersionDate "2023.12.20"]
[SourceQuality "1"]

1. d4 d5 2. Nf3 Nf6 3. Bf4 c5 4. e3 Nc6 5. Nbd2 Bg4 6. c3 e6 7. Qb3 Qc8 8. Nh4 Bh5 9. h3 Be7 10. g4 Bg6 11. Nxg6 hxg6 12. Be2 a6 13. dxc5 Bxc5 14. 0-0-0 b5 15. Qc2 Be7 16. Kb1 Nd7 17. g5 Qb7 18. h4 Rc8 19. h5 gxh5 20. Bxh5 Nde5 21. Be2 Rxh1 22. Rxh1 g6 23. Rh8+ Kd7 24. Rh7 Ke8 25. Nf3 Nxf3 26. Bxf3 Rd8 27. Be2 e5 28. Bg3 e4 29. f3 Qb6 30. Bf4 Bc5 31. fxe4 Bxe3 32. exd5 Bxf4 33. Qe4+ Ne5 34. Qxf4 Rxd5 35. a3 Qe6 36. Rh8+ Ke7 37. Ra8 Rd6 38. Ra7+ Rd7 39. Qb4+ Ke8 40. Ra8+ Rd8 41. Rxd8+ Kxd8 42. a4 Nc6 43. Qf8+ Kc7 44. axb5 Qxe2 45. bxc6 Kxc6 46. Qxf7 1/2-1/2

[Event "Moscow Chess Stars 3.0 Rapid"]
[Site "Moscow"]
[Date "2023.12.15"]
[Round "4"]
[White "Radjabov, Teimour"]
[Black "Sadhwani, Raunak"]
[Result "1/2-1/2"]
[WhiteElo "2723"]
[BlackElo "2654"]
[PlyCount "49"]
[EventDate "2023.12.14"]
[EventType "tourn (rapid)"]
[EventRounds "9"]
[EventCountry "RUS"]
[EventCategory "17"]
[SourceTitle "CB51_2023"]
[SourceDate "2023.12.20"]
[SourceVersion "1"]
[SourceVersionDate "2023.12.20"]
[SourceQuality "1"]

1. d4 Nf6 2. c4 e6 3. Nf3 d5 4. Nc3 c5 5. cxd5 cxd4 6. Qxd4 exd5 7. Bg5 Be7 8. e3 0-0 9. Be2 h6 10. Bh4 Nc6 11. Qd3 Qb6 12. 0-0 Rd8 13. Rfd1 Be6 14. h3 a6 15. a3 g5 16. Bg3 Ne4 17. Nxe4 dxe4 18. Qxe4 Qxb2 19. Bd3 Qg7 20. Rab1 Bd5 21. Qg4 Be6 22. Qe4 Bd5 23. Qg4 Be6 24. Qe4 Bd5 25. Qg4 1/2-1/2

[Event "Gashimov Memorial Blitz 9th"]
[Site "Baku"]
[Date "2023.12.11"]
[Round "16"]
[White "Gelfand, Boris"]
[Black "Radjabov, Teimour"]
[Result "0-1"]
[WhiteElo "2660"]
[BlackElo "2723"]
[PlyCount "95"]
[EventDate "2023.12.11"]
[EventType "tourn (blitz)"]
[EventRounds "18"]
[EventCountry "AZE"]
[EventCategory "18"]
[SourceTitle "CB50_2023"]
[SourceDate "2023.12.13"]
[SourceVersion "1"]
[SourceVersionDate "2023.12.13"]
[SourceQuality "1"]

1. d4 d5 2. c4 e6 3. Nf3 Nf6 4. g3 Be7 5. Bg2 0-0 6. 0-0 dxc4 7. Qc2 a6 8. a4 Bd7 9. Qxc4 Bc6 10. Bg5 Nbd7 11. Nc3 h6 12. Bxf6 Nxf6 13. Rfd1 Qd6 14. Qd3 Rfd8 15. e4 Qb4 16. Qc2 Rac8 17. Rd2 Be8 18. Re1 Bf8 19. d5 exd5 20. e5 Nh7 21. Bh3 Rb8 22. e6 c6 23. Ne5 Ng5 24. exf7+ Bxf7 25. Bg2 Re8 26. Rde2 Bh5 27. g4 Rxe5 28. Rxe5 Qxg4 29. R5e3 Qf4 30. Ne2 Qf6 31. Ng3 Bg6 32. Qc1 Bb4 33. Rd1 Bd6 34. Qc3 Rf8 35. Qxf6 Rxf6 36. h4 Ne6 37. Rde1 Nf4 38. h5 Bf7 39. Rb3 b5 40. axb5 axb5 41. Rbe3 Bc5 42. Rf3 Bd4 43. b3 b4 44. Rd1 Bc3 45. Re3 d4 46. Rf3 Bxb3 47. Ne4 Rf8 48. Kh2 0-1

[Event "Gashimov Memorial Blitz 9th"]
[Site "Baku"]
[Date "2023.12.11"]
[Round "13"]
[White "Radjabov, Teimour"]
[Black "Erigaisi, Arjun Kumar"]
[Result "0-1"]
[WhiteElo "2723"]
[BlackElo "2727"]
[PlyCount "120"]
[EventDate "2023.12.11"]
[EventType "tourn (blitz)"]
[EventRounds "18"]
[EventCountry "AZE"]
[EventCategory "18"]
[SourceTitle "CB50_2023"]
[SourceDate "2023.12.13"]
[SourceVersion "1"]
[SourceVersionDate "2023.12.13"]
[SourceQuality "1"]

1. e4 e6 2. d4 d5 3. exd5 exd5 4. Bd3 Nf6 5. Nf3 Bd6 6. 0-0 0-0 7. h3 c5 8. dxc5 Bxc5 9. Nc3 Be6 10. Bg5 Nbd7 11. Ne2 Qb6 12. Rb1 Ne4 13. Bh4 Rfe8 14. b4 Be7 15. Bxe7 Rxe7 16. c4 Ndf6 17. c5 Qc7 18. Qc2 a5 19. a3 h6 20. Rfc1 Ree8 21. Ned4 axb4 22. axb4 Bd7 23. b5 Rec8 24. c6 bxc6 25. bxc6 Be6 26. Rb7 Qf4 27. Rcb1 Ra3 28. R7b3 Rxb3 29. Rxb3 Qc7 30. Rb7 Qa5 31. Bf1 Nd6 32. Nxe6 fxe6 33. Nd4 e5 34. Ne6 Nxb7 35. Qg6 Rc7 36. Nxc7 Qxc7 37. cxb7 Qxb7 38. Qf5 Qe7 39. g4 Kf7 40. h4 Qe6 41. Qxe6+ Kxe6 42. f3 g5 43. hxg5 hxg5 44. Kf2 Kd6 45. Ke3 Kc5 46. Be2 Ne8 47. Kd3 Nc7 48. Bd1 Ne6 49. Ke3 Kb4 50. Kd3 Nf4+ 51. Kd2 Kc4 52. Bc2 Kd4 53. Bf5 Ng2 54. Bc2 Ne3 55. Ba4 e4 56. Ke2 Ng2 57. fxe4 Nf4+ 58. Kf2 dxe4 59. Bb5 Ke5 60. Ke3 Nd5+ 0-1